Hùng Vương dựng nước; T4
Saved in:
| Format: | Book |
|---|---|
| Language: | Undetermined |
| Published: |
Hà Nội
Thanh niên
1982
|
| Subjects: | |
| Tags: |
Add Tag
No Tags, Be the first to tag this record!
|
| Institutions: | Trung tâm Học liệu Trường Đại học Cần Thơ |
|---|
| LEADER | 00403nam a2200145Ia 4500 | ||
|---|---|---|---|
| 001 | CTU_46178 | ||
| 008 | 210402s9999 xx 000 0 und d | ||
| 082 | |a 959.7001 | ||
| 082 | |b U523/T4 | ||
| 245 | 0 | |a Hùng Vương dựng nước; T4 | |
| 260 | |a Hà Nội | ||
| 260 | |b Thanh niên | ||
| 260 | |c 1982 | ||
| 650 | |a vietnam - history | ||
| 980 | |a Trung tâm Học liệu Trường Đại học Cần Thơ | ||